<?xml version="1.0" encoding="UTF-8"?>
<record
    xmlns:xsi="http://www.w3.org/2001/XMLSchema-instance"
    xsi:schemaLocation="http://www.loc.gov/MARC21/slim http://www.loc.gov/standards/marcxml/schema/MARC21slim.xsd"
    xmlns="http://www.loc.gov/MARC21/slim">

  <leader>03243cam a22001938i 4500</leader>
  <controlfield tag="005">20260619131448.0</controlfield>
  <datafield tag="020" ind1=" " ind2=" ">
    <subfield code="a">9781032905013</subfield>
  </datafield>
  <datafield tag="082" ind1="0" ind2="0">
    <subfield code="a">320.954 JOS/N</subfield>
  </datafield>
  <datafield tag="245" ind1="0" ind2="4">
    <subfield code="a">The new world politics of the Indo-Pacific :</subfield>
    <subfield code="b">perceptions, policies and interests /</subfield>
    <subfield code="c">edited by Josukutty C A and Joyce Sabina Lobo.</subfield>
  </datafield>
  <datafield tag="260" ind1=" " ind2=" ">
    <subfield code="a">. -London</subfield>
    <subfield code="b">: Routledge</subfield>
    <subfield code="c">, 2024</subfield>
  </datafield>
  <datafield tag="300" ind1=" " ind2=" ">
    <subfield code="a">xiv+265 pages</subfield>
  </datafield>
  <datafield tag="490" ind1="0" ind2=" ">
    <subfield code="a">Indo Pacific in context</subfield>
  </datafield>
  <datafield tag="504" ind1=" " ind2=" ">
    <subfield code="a">Includes bibliographical references and index.</subfield>
  </datafield>
  <datafield tag="505" ind1="1" ind2=" ">
    <subfield code="a">SECTION A: THE INDO-PACIFIC CONSTRUCT -- Introduction / Josukutty C A and Joyce Sabina Lobo -- The Geo-Politics of the Indo-Pacific: Perceptions, Opportunities and Challenges / Srikanth Kondapalli -- The Indo-Pacific as the New Theatre of 'Cold War' Politics: Challenges and Regional Responses / Shankari Sundararaman -- From Quad 1.0 to Quad 2.0: The Persisting Discourse / S.Y. Surendra Kumar -- SECTION B: CHINA AND THE QUAD NATION STATES -- China in the Indo-Pacific: Perspectives and Interests / Huo Wenle -- Russia in the Indo Pacific through Multipolarity, Eurasian Integration and the RFE / Joyce Sabina Lobo -- The US in the Indo-Pacific: Interests and Strategy / Nanda Kishor M S -- Japan's Interests and Strategies in the Indo-Pacific / Anil Kumar P -- India's Interests and Strategies in the Indo-Pacific / Uma Purushothaman -- Indo-Pacific: Australian Middle Power Ambitions and Dilemmas / Madhusudhan. B -- SECTION C: KEY ASEAN NATION STATES AND VULNERABLE NEIGHBOURS OF CHINA -- Malaysia's Responses to the Indo-Pacific: Between Trepidations and Aspirations / Ivy Kwek -- Singapore's Strategy in the Indo-Pacific / Vignesh Ram -- Indonesia in the Indo-Pacific: The Rise of a Strategic Geopolitical Power / Vignesh Ram -- Vietnam in the Changing Strategic Environment of Indo-Pacific / Aswani R.S. -- South Korean Approach to Indo-Pacific: Engaging Without Endorsing / Jojin V. John -- Taiwan in the Indo- Pacific / Suresh K -- Conclusion / Joyce Sabina Lobo and Josukutty CA.</subfield>
  </datafield>
  <datafield tag="520" ind1=" " ind2=" ">
    <subfield code="a">"The book offers vivid analysis of new geopolitics in the Indo-Pacific in terms of big power rivalry between US-China and country wise perspectives situating largely within the late 2000s and culminates with developments of the COVID-19 period. The great power shift marked by the rise of China and the relative decline of the US poses a serious challenge to the balance of power in the Indo-Pacific region and the world order in general. Ironically the play of realism in the region is stymied by broad partnerships of key countries that utilize the liberal approaches of cooperation with both rivals- the USA and China. The book captures the mosaic of stakeholders-rivals the US and China along with Russia; other QUAD members Australia, India, and Japan; key ASEAN members, Indonesia, Malaysia, Singapore, and Vietnam; vulnerable states in East Asia viz., Taiwan and South Korea; and groupings including the ASEAN and QUAD- that constitutes the new world politics of the Indo-pacific. The volume will be of great interest to scholars and researchers of Indo-Pacific studies, global politics and international relations"--</subfield>
  </datafield>
  <datafield tag="700" ind1="1" ind2=" ">
    <subfield code="a">C. A., Josukutty, Editor</subfield>
    <subfield code="9">16495</subfield>
  </datafield>
  <datafield tag="700" ind1="1" ind2=" ">
    <subfield code="a">Lobo, Joyce Sabina,Editor</subfield>
    <subfield code="9">16496</subfield>
  </datafield>
  <datafield tag="942" ind1=" " ind2=" ">
    <subfield code="2">ddc</subfield>
    <subfield code="c">BK</subfield>
  </datafield>
  <datafield tag="999" ind1=" " ind2=" ">
    <subfield code="c">760801</subfield>
    <subfield code="d">760801</subfield>
  </datafield>
  <datafield tag="952" ind1=" " ind2=" ">
    <subfield code="0">0</subfield>
    <subfield code="1">0</subfield>
    <subfield code="2">ddc</subfield>
    <subfield code="4">0</subfield>
    <subfield code="7">0</subfield>
    <subfield code="a">POL</subfield>
    <subfield code="b">POL</subfield>
    <subfield code="c">GEN</subfield>
    <subfield code="d">2025-09-26</subfield>
    <subfield code="l">0</subfield>
    <subfield code="o">320.954 JOS/N</subfield>
    <subfield code="p">POL23839</subfield>
    <subfield code="r">2026-06-19 13:15:17</subfield>
    <subfield code="w">2026-06-19</subfield>
    <subfield code="y">BK</subfield>
  </datafield>
</record>
